000 00867cam a2200313 4500
008 090401t1991 xxu||||| |||| 00| 0 eng d
020 _a0442006136
035 _a(Sirsi) u44119
041 _aeng
050 _a725.23
100 _aKleeman, Walter B.
245 _aInterior design of the electronic office: the comfort and productivity pay-off.
260 _aNew York
_bVan Nostrand Reinhold
_c1991
300 _axiv,294p. : ill. ; 28cm.
350 _a29.95
650 _aELECTRONIC OFFICE
650 _aINTERIOR DESIGN
650 _aLAYOUT
650 _aOFFICE DESIGN
650 _aOFFICE EQUIPMENT
650 _aOFFICE FURNITURE
650 _aOFFICES
690 _aBUILT ENVIRONMENT-CONSTRUCTION DESIGN
700 _aDuffy, Francis
700 _aWilliams, Kirk P.
700 _aWilliams, Michele K.
942 _n0
948 _c04/03/1997
999 _c91441
_d91441